| 000 | nam a22 7a 4500 | ||
|---|---|---|---|
| 999 |
_c342235 _d342235 |
||
| 003 | NUST | ||
| 005 | 20171214102630.0 | ||
| 008 | 171214b xxu||||| |||| 00| 0 eng d | ||
| 040 | _c0 | ||
| 082 | _a658.45 GIB | ||
| 100 |
_aGibson,Jane Whitney _97257 |
||
| 245 |
_aOrganizational Communication : _bA Managerial Perspective _cJane Whitney Gibson |
||
| 250 | _a2nd ed. | ||
| 260 |
_aIslamabad _bNBF _c2006. |
||
| 300 | _a494p. | ||
| 500 | _aH.B | ||
| 942 |
_2ddc _cBK _kIESE |
||